000 01020caa a22002417a 4500
999 _c408663
_d408663
001 122370
003 UA-OsUOA
005 20200221165133.0
007 ta
008 20170425b un ||||| |||| 00| 0 ukr d
040 _aUA-OsUOA
_bukr
_cUA-OsUOA
_dUA-OsUOA
041 _aukr
080 _a908
090 _a908
_bС51
100 _aОгородник І.
245 _aСмотрицький Герасим Данилович (невід.–1594): Український письменник-полеміст, педагог, культурно-освітній діяч гуманістичного напряму
_cІ. Огородник
300 _aС. 254–255
650 7 _a908 Краєзнавство
_2UDC
773 0 _0308332
_9304788
_aОгородник І.В.
_dКиїв Либідь 1997
_o62460
_tУкраїнська філософія в іменах
_w(UA-OsUOA) 22118
_z5-325-00792-0
942 _cBKA
_2udc
955 _a2